书目信息 |
| 书名: | The housing boom and bust | |
| 作者: | Thomas Sowell | |
| 分册号: | ||
| 分册名: | 出版地: | New York |
|
| 出版社: | Basic books | |
| 出版时间: | 2009 | |
| 页数: | 184 | |
| 开本: | 22cm | |
| 丛书名: | ||
| 中图分类号: | ||
| 科图分类号: | ||
| 其他分类号: | F299.712 | |
| 主题词: | ||
| 电子资源: | ||
| 000 | 00398nam0 2200145 450 | |
| 001 | 202012196458 | |
| 005 | 20121107152219.0 | |
| 008 | 20010101s | |
| 020 | @a978-0-465-01880-2@c$24.95 | |
| 099 | @dF299.712@eT4622 | |
| 245 | 10 | @aThe housing boom and bust @cThomas Sowell |
| 260 | 0 | @aNew York @bBasic books@c2009 |
| 300 | @a184@c22cm | |
| 905 | @b7265-7 | |
| 905 | @aTSG@dF299.712@eT4622 | |
| The housing boom and bust / Thomas Sowell.-New York : Basic books , 2009 |
| 184 ; 22cm |
| ISBN 978-0-465-01880-2$24.95 |
| ● |
| 相关链接 |
|
|
|
正题名:The housing boom and bust
索取号:F299.712/T4622
 
预约/预借
| 序号 | 登录号 | 条形码 | 馆藏地/架位号 | 状态 | 备注 |
| 1 | 7265 | 300072659 | 社科库409/409社科库 117排2列1层/ [索取号:F299.712/T4622] | 在馆 | |
| 2 | 7266 | 300072668 | 社科库409/400A自科库 10排3列2层/ [索取号:F299.712/T4622] | 在馆 | |
| 3 | 7267 | 300072677 | 社科库409/400A自科库 15排1列3层/ [索取号:F299.712/T4622] | 在馆 |